000 00556nam a22001937a 4500
003 KOHA_MİRAKIL
005 20251124081357.0
008 251124b tu ||||| |||| 00| 0 tur d
020 _a9789750844027
040 _aTR-AnABB
_btur
_cTR-AnABB
041 _atur
082 _a818.42
_bNEC 2019
100 1 _aNecatigil, Behçet,
245 1 0 _aVaktin zulmüne karşı yazmak /
_cBehçet Necatigil
260 _aİstanbul :
_bYapı Kredi Yayınları,
_c2019
300 _a310 sayfa ;
_c21 cm
650 0 4 _aTürk edebiyatı, roman
942 _2ddc
_cBK
999 _c9582
_d9582
900 _bGizem YORULMAZ